| 000 | 00776nam a2200217 a 4500 | ||
|---|---|---|---|
| 001 | 006327 | ||
| 003 | BD-ChCU | ||
| 008 | Ben | ||
| 020 | _a | ||
| 040 |
_aDLC _cDLC _dBD-ChCU |
||
| 082 | 0 | 0 | _a৩৭০.০৯৫৪৯২১৪/আহ৮১শি |
| 100 | 1 |
_aআহ্ছানউল্লাহ, খানবাহাদুর _b- |
|
| 245 | 1 | 0 |
_aশিক্ষা- ক্ষেত্রে বংগীয় মোছলমান _b- |
| 250 | _a*** | ||
| 260 |
_aঢাকা _bআহচানিয়া মিশন _c১৯৯১ |
||
| 300 | _a** | ||
| 504 | _aসম্বলিত Biblio- | ||
| 650 | 0 |
_aশিক্ষ- বংগীয় মুসলাম _bশিক্ষ- বংগীয় মুসলাম |
|
| 700 | 1 | _a- | |
| 942 |
_2ddc _cBK |
||
| 999 |
_c6327 _d6327 |
||